Fr. Conceicao Rodrigues College of Engineering

Marketing of Information technology (Record no. 31229)

MARC details
000 -LEADER
fixed length control field 00373nam a2200169Ia 4500
082 ## - DEWEY DECIMAL CLASSIFICATION NUMBER
Item number VEN
100 ## - MAIN ENTRY--PERSONAL NAME
Personal name Venkatesh/K
245 ## - TITLE STATEMENT
Title Marketing of Information technology
260 ## - PUBLICATION, DISTRIBUTION, ETC.
Name of publisher, distributor, etc. Tata McGraw Hill
Date of publication, distribution, etc. 2009
366 ## - TRADE AVAILABILITY INFORMATION
Publishers's discount category 20
300 ## - PHYSICAL DESCRIPTION
Extent 147
546 ## - LANGUAGE NOTE
Language note ENGLISH
650 ## - SUBJECT ADDED ENTRY--TOPICAL TERM
Topical term or geographic name entry element Information technology
654 ## - SUBJECT ADDED ENTRY--FACETED TOPICAL TERMS
Focus term information technology
942 ## - ADDED ENTRY ELEMENTS (KOHA)
Koha item type BOOK
Holdings
Withdrawn status Lost status Damaged status Not for loan Collection Home library Current library Date acquired Source of acquisition Cost, normal purchase price Inventory number Total Checkouts Full call number Barcode Date last seen Cost, replacement price Price effective from Koha item type
        CRC Fr. Agnel's C.Rodrigues College of Engineering Fr. Agnel's C.Rodrigues College of Engineering 17/03/2023 Shroff Publishers 399.20 01296 dt 02.08.2018   VEN 25339 17/03/2023 499.00   BOOK